000 01072nam a2200265Ia 4500
003 OSt
005 20220930094750.0
006 a|||||r|||| 00| 0
007 ta
008 220926b |||||||| |||| 00| 0 hin d
024 _a10784
037 _cTheses
040 _aCRL
_cCRL
_bhin
041 _2hin
_ahin
100 _aमीना, हनुमत लाल, ले.
110 _aदिल्ली विश्वविद्यालय. कला संकाय. हिन्दी विभाग
245 0 _aकल्पना लाजमी की फिल्मों का स्त्रीवादी अध्ययन
246 _aKalpanā lājamī kī filmoan kā strīvādī adhyayana
260 _c2013
300 _a339पृ0
_ap.
_ccm.
650 _aहिन्दी साहित्य
700 _aदिल्ली विश्वविद्यालय. कला संकाय. हिन्दी विभाग
942 _cDIS
_2CC
999 _c887642
_d887642